000 00679nas a2200241 4500
001 BR0600639
003 BR-BrBNA
005 20231205105825.0
007 ta
008 230509b bl.|||p| |||| 00| 00por d
040 _aBR-BrBNA
_bpor
_cBiblioteca Nacional de Agricultura
041 _a(Pt)
072 _aE50
100 1 _aRoque, A.M.
245 1 _aTurismo rural: cheiro de terra e de lucro
650 _aTURISMO
650 _aPROPRIEDADE RURAL
650 _aARTESANATO
650 _aDESENVOLVIMENTO RURAL
773 0 _tAgroanalysis (Brazil)
_xISSN 0100-4298
_g(Jan 2006), v. 26(1) p. 35
_wBR0600639
909 _a202311
_bLúcia
_c55
_dLúcia Elande
942 _2AGRIS
_n0
_cANA
999 _c184851
_d184851